000
00341nam a2200145Ia 4500
008
230718s9999 xx 000 0 und d
041
_a
Eng.
082
_a
340
_b
WIN-L
100
_a
Winfield, Jolowic 2
245
0
_a
Law of Toart Easement
260
_a
Pakistan
_b
Sweet and marwell
_c
2006
300
_a
1143
650
_a
Law
999
_c
29900
_d
29900